The Chase - Hearts2Hearts - English Lyrics - Statistics

General Stats
  • This quiz has been taken 62 times
  • The average score is 72 of 114
Answer Stats
Answer % Correct
I
97%
the
97%
you
97%
chase
95%
love
95%
way,
95%
Hop
72%
Sparkle,
72%
sparkle
72%
my
69%
make
67%
it
64%
name
64%
say
64%
Crop
59%
I'll
59%
candy,
56%
chalky,
56%
chalky
56%
emotion,
56%
like
56%
so
56%
we
56%
what
56%
yeah
56%
yeah,
56%
(yeah)
56%
(Yeah)
56%
Baby,
54%
get
54%
need
54%
sweet,
54%
got
51%
Come
49%
come
49%
forever,
49%
pops
49%
and
46%
end
46%
is
46%
It's
46%
it's
46%
'Til
46%
Our
44%
quiz
41%
ya,
41%
beamy
38%
jingle,
38%
jingle
38%
(oh)
38%
(oh,
38%
(ah)
28%
(ah-ooh)
28%
(ooh)
18%
whoa,
18%
whoa)
18%
no,
13%
No matching quizzes found
Score Distribution
Percent of People with Each Score
Percentile by Number Answered
Your Score History
You have not taken this quiz